000 00638nam a2200241Ia 4500
003 OSt
005 20221006144934.0
006 a|||||r|||| 00| 0
007 ta
008 221006b |||||||| |||| 00| 0 eng d
024 _a13,267
037 _cTextual
040 _aEASL
_cEASL
_beng
041 _2eng
_aeng
082 _aV41,41-1y7M93, J0
100 _aPAYNE Robert
245 0 _aPortrait of a revolutionary
_b Mao Tse-tung
260 _aLondon
_bAbelard Schuman
_c1950
300 _a311p.
_ccm.
490 _v CEL
942 _hV41,41-1y7M93, J0
_cTEXL
_2CC
999 _c1081353
_d1081353